| 000 | 01486cam a2200337 i 4500 | ||
|---|---|---|---|
| 999 |
_c695 _d695 |
||
| 001 | 19389529 | ||
| 003 | OSt | ||
| 005 | 20191119095613.0 | ||
| 008 | 161129t20182018mnuab j b 001 0 eng | ||
| 010 | _a 2016053598 | ||
| 020 | _a9781626176782 (hardcover : alkaline paper) | ||
| 040 |
_aDLC _beng _cDLC _erda _dDLC |
||
| 042 | _apcc | ||
| 043 | _aa-cc--- | ||
| 082 | 0 | 0 |
_a951 OAC _223 |
| 100 | 1 |
_aOachs, Emily Rose, _eauthor. |
|
| 245 | 1 | 0 |
_aChina / _cby Emily Rose Oachs. |
| 264 | 1 |
_aMinneapolis, MN : _bBellwether Media _c2018. |
|
| 300 |
_a32 pages : _bcolor illustrations, color maps ; _c24 cm. |
||
| 336 |
_atext _btxt _2rdacontent |
||
| 337 |
_aunmediated _bn _2rdamedia |
||
| 338 |
_avolume _bnc _2rdacarrier |
||
| 490 | 0 | _aBlastoff! discovery: Country profiles | |
| 504 | _aIncludes bibliographical references and index. | ||
| 505 | 0 | _aThe Great Wall of China -- Location -- Landscape and climate -- Wildlife -- People -- Community life -- Customs -- School and work -- Play -- Food -- Celebrations -- Timeline -- Fast facts -- Glossary. | |
| 520 | 2 |
_a"Engaging images accompany information about China. The combination of high-interest subject matter and narrative text is intended for students in grades 3 through 8"-- _cProvided by publisher. |
|
| 651 | 0 |
_aChina _vJuvenile literature. |
|
| 906 |
_a7 _bcbc _corignew _d1 _eecip _f20 _gy-gencatlg |
||
| 942 |
_2ddc _cNFIC |
||